Health systems plan (Record no. 1270)

MARC details
000 -LEADER
fixed length control field 00471nam a2200157 a 4500
005 - DATE AND TIME OF LATEST TRANSACTION
control field 20260322212053.0
008 - FIXED-LENGTH DATA ELEMENTS--GENERAL INFORMATION
fixed length control field data
096 ## - LOCALLY ASSIGNED NLM-TYPE CALL NUMBER (OCLC)
Classification number WA 541 A77 1986
001 - CONTROL NUMBER
control field data
245 00 - TITLE STATEMENT
Title Health systems plan
Statement of responsibility, etc. edited by Central Arizona Health Systems Agency.
260 ## - PUBLICATION, DISTRIBUTION, ETC.
Place of publication, distribution, etc. Phoenix, Ariz.
Name of publisher, distributor, etc. CAHSA
Date of publication, distribution, etc. 1986
300 ## - PHYSICAL DESCRIPTION
Other physical details illustrations ; 28 cm.
650 #0 - SUBJECT ADDED ENTRY--TOPICAL TERM
Topical term or geographic name entry element Medical care
General subdivision Planning
Geographic subdivision Arizona
650 #0 - SUBJECT ADDED ENTRY--TOPICAL TERM
Topical term or geographic name entry element Regional medical programs
Geographic subdivision Arizona
700 1# - ADDED ENTRY--PERSONAL NAME
Personal name Central Arizona Health Systems Agency.
Holdings
Withdrawn status Lost status Damaged status Not for loan Home library Current library Shelving location Date acquired Total checkouts Full call number Barcode Date last seen Price effective from Koha item type
        Riverside Riverside General stacks 22/03/2026   GEN BC0011312 22/03/2026 22/03/2026 Books